Palavras do mar: caderno do formador

Gespeichert in:
Bibliographische Detailangaben
1. Verfasser: Carreto, M. da Graça
Weitere Verfasser: Gouveia, Adelina Portugal. Direcção Geral de Extensão Educativa Teixeira, Guilhermina
Format: keine Angabe
Sprache:Portugiesisch
Erschienen: Lisboa DGEE 1993
Katalog:MANES:  Suchergebnis im Bibliothekskatalog
Schulbuchspezifische Eigenschaften:
Tags: Tag hinzufügen
Keine Tags, Fügen Sie den ersten Tag hinzu!
Hinzugefügt zu:26.04.2016
Geändert in:25.04.2025

MARC

LEADER 000000000a22000000004500
001 27904
003 OSt
005 20250425111442.0
008 160427s pt ||||| |||| 00| 0 por d
040 |c centro_manes 
041 1 |a por 
100 1 |a Carreto, M. da Graça  |9 15693 
245 0 0 |a Palavras do mar: caderno do formador 
260 3 |a Lisboa  |b DGEE  |c 1993 
300 |a 109 p.;  |c 24 cm 
561 |5 pt-BNP  |a Portugal. Biblioteca Nacional de Portugal  |k MANES 
690 0 |a MATE 
691 |a SE 
700 1 |a Gouveia, Adelina  |9 15694  |a Portugal. Direcção Geral de Extensão Educativa  |9 15221  |a Teixeira, Guilhermina  |9 15695 
942 |2 ddc  |c BK 
546 |a Portugal 
999 |c 29366  |d 29366 
999 |c manes:29366  |d 29366